000 00565nam a22002057a 4500
005 20251108172653.0
008 250721s2001 xx 000 0 ara d
082 1 4 _a378.17/جام
245 1 0 _aتعلم كيف تتعلم /
250 _aط 2
264 1 _aعمان :
_bجامعة القدس المفتوحة،
_c2001.
300 _a342 ص.
650 1 7 _aالتعلم
650 1 7 _aطرق التعلم
650 1 7 _aالتدريس
650 1 7 _aالجامعات
710 2 _aجامعة القدس المفتوحة
942 _2ddc
_cBK
999 _c85507
_d85507